Logo BPK

Biblioteka

Politechniki Koszalińskiej

Der Kampf um dem Reim : (Rekord nr 50368)

Szczegóły MARC
000 -ETYKIETA REKORDU
podpole kontrolne o stałej długości 00769nam a2200241 i 4500
001 - NUMER KONTROLNY REKORDU
pole kontrolne bgj
020 ## - MIĘDZYNARODOWY ZNORMALIZOWANY NUMER KSIĄŻKI - ISBN
ISBN 3416006542
040 ## - ŹRÓDŁO KATALOGOWANIA
Instytucja, która utworzyła rekord BPK
041 0# - KOD JĘZYKA
Kod języka tekstu ger
044 ## - KOD KRAJU WYDAWCY/PRODUCENTA
Kod kraju wydawcy/producenta DEU
080 ## - UNIWERSALNA KLASYFIKACJA DZIESIĘTNA - UKD
UKD 821.112.2
920 ## - Międzynarodowy znormalizowany numer książki – ISBN
ISBN 3-416-00654-2
008 - POLE O STAŁEJ DŁUGOŚCI - DANE KONTROLNE
podpole kontrolne o stałej długości s gw f |000 0 ger
100 1# - NAZWA OSOBOWA
Nazwa osobowa SCHUPPENHAUER, Claus.
245 10 - TYTUŁ/ODPOWIEDZIALNOŚĆ
Tytuł Der Kampf um dem Reim :
Ciąg dalszy tytułu in der deutschen Literatur des 18. Jahrhunderts /
Pozostałe elementy strefy tytułu i oznaczenia odpowiedzialności von Claus Schuppenhauer.
260 ## - STREFA ADRESU WYDAWNICZEGO
Miejsce wydania Bonn :
Nazwa wydawcy/dystrybutora H. Bouvier und Co. Verlag,
Data publikacji, dystrybucji/powstania dokumentu 1970.
300 ## - STREFA OPISU FIZYCZNEGO
Objętość 417 s. ;
Rozmiary 23 cm.
490 1# - STREFA SERII I DOKUMENTU WIELOCZĘŚCIOWEGO - FORMA NIE DO WYSZUKIWANIA
Tytuł i oznaczenie odpowiedzialności serii Abhandlungen zur Kunst-, Musik- und Literaturwissenchaft
Numeracja w obrębie serii Bd. 91
504 ## - UWAGA DOTYCZĄCA BIBLIOGRAFII
Informacje o bibliografii Bibliogr. s. 389-411. Indeks.
650 9# - HASŁO PRZEDMIOTOWE W FORMIE NAZWY OGÓLNEJ LUB JEDNOSTKOWEJ
Nazwa ogólna lub geograficzna Literatura niemiecka
830 ## - HASŁO DODATKOWE SERII LUB DOKUMENTU WIELOCZĘŚCIOWEGO - TYTUŁ UJEDNOLICONY
Tytuł ujednolicony Abhandlungen zur Kunst-, Musik- und Literaturwissenchaft
856 ## - LOKALIZACJA I DOSTĘP DO ELEKTRONICZNYCH DOKUMENTÓW ZDALNYCH
Link (URL) http://koha.tu.koszalin.pl/cgi-bin/koha/opac-detail.pl?biblionumber=50368
Tekst linku Katalog online BPK
942 ## - DODATKOWE ELEMENTY (KOHA)
Typ dokumentu Książka
Egzemplarze
Wycofany Status egzemplarza Uszkodzony Dostępność Lokalizacja stała Lokalizacja bieżąca Miejsce przechowywania Sygnatura Kod kreskowy Typ dokumentu
      Tylko na miejscu Biblioteka Politechniki Koszalińskiej Biblioteka Politechniki Koszalińskiej Czytelnia Wydziałowa ul. Kwiatkowskiego 6e N 271 02120614 Książka
© 2023 Biblioteka Politechniki Koszalińskiej :: KOHA